000 00634cam a22002053a 4500
001 42216
003 PGUSA
005 20140828083943.0
008 130226s2013||||xxu|||||s|||||000 | eng d
040 _aPGUSA
_beng
042 _adc
100 1 _aCajori, Florian,
_d1859-1930
245 1 0 _aOn the History of Gunter's Scale and the Slide Rule during the Seventeenth Century
_h[electronic resource] /
_cFlorian Cajori
260 _bProject Gutenberg,
_c2013
506 _aPublic domain in the USA.
516 _aElectronic text
830 0 _aProject Gutenberg
_v42216
856 4 0 _uhttp://www.gutenberg.org/ebooks/42216
942 _cEB
999 _c271468
_d271468